| 000 -LEADER |
| fixed length control field |
01029nam a2200229Ia 4500 |
| 001 - CONTROL NUMBER |
| control field |
18120 |
| 003 - CONTROL NUMBER IDENTIFIER |
| control field |
GE_BSU |
| 008 - FIXED-LENGTH DATA ELEMENTS--GENERAL INFORMATION |
| fixed length control field |
181216s||||||||xx |||||||||||||| ||und|| |
| 020 ## - INTERNATIONAL STANDARD BOOK NUMBER |
| International Standard Book Number |
ISSN-1987-6998 |
| 040 ## - CATALOGING SOURCE |
| Transcribing agency |
GE_BSU |
| 080 ## - UNIVERSAL DECIMAL CLASSIFICATION NUMBER |
| Universal Decimal Classification number |
378.4(063) |
| 245 ## - TITLE STATEMENT |
| Title |
სოხუმის სახელმწიფო უნივერსიტეტის შრომები XIII |
| 245 ## - TITLE STATEMENT |
| Statement of responsibility, etc. |
მთ.რედ. ზ. პაპასქირი |
| 260 ## - PUBLICATION, DISTRIBUTION, ETC. |
| Place of publication, distribution, etc. |
თბილისი |
| 260 ## - PUBLICATION, DISTRIBUTION, ETC. |
| Name of publisher, distributor, etc. |
სოხუმის სახ. უნ-ტი |
| 300 ## - PHYSICAL DESCRIPTION |
| Extent |
619გვ25სმ. |
| 520 ## - SUMMARY, ETC. |
| Summary, etc. |
პარალ. სათ ინგ. ენ. |
| 653 ## - INDEX TERM--UNCONTROLLED |
| Uncontrolled term |
ლიტმცოდნეობა, ისტორია არქეოლოგია |
| 653 ## - INDEX TERM--UNCONTROLLED |
| Uncontrolled term |
პოლიტიკური მეცნიერებები. პედაგოგიკა, სამართალი |
| 653 ## - INDEX TERM--UNCONTROLLED |
| Uncontrolled term |
სოხუმის სახელმწიფო უნივერსიტეტის შრომები |
| 942 ## - ADDED ENTRY ELEMENTS (KOHA) |
| Koha item type |
წიგნი |